000 00807nam a22002057a 4500
003 UA-OsUOA
001 39309
007 ta
008 20080403b un ||||| |||| 00| 0 ukr d
090 _a050
942 _cMG
040 _aUA-OsUOA
_bukr
_cUA-OsUOA
_dUA-OsUOA
245 _aКалендар "Рідна нива"
_b1948, 1949, 1950, 1952, 1953, 1954, 1955, 1956, 1957, 1958, 1959, 1960, 1961, 1962, 1963. 1964, 1965, 1966, 1967, 1968, 1969, 1970, 1971, 1972, 1973, 1974, 1975, 1976, 1977, 1978, 1979, 1980, 1982
955 _a4
041 _aukr
080 _a050
260 _aВінніпег
650 7 _a050 Серійні публікації. Періодика галузі, Організація та інші типи поєднання (співробітництва)
_2UDC
999 _c437835
_d437835